000 00569nam a2200181Ia 4500
001 13232
005 20260306163038.0
008 260306t2002||||xx |||||||||||||| ||spa||
041 _aESP
082 _a001.42
_bCH557
100 _aChirinos de García, Iris,
_eAUT
245 0 _aLas características de la investigación en las tesis universitarias de las carreras de administración y contabilidad de dos universidades de Arequipa, 1995-2000
260 _c2002
300 _a64 páginas :
_c29 cm.
650 _aGEN
654 _aCHU
942 _cLIB
_dJUS
_fJUS
_2ddc
_n
999 _c13232
_d13232